Responses for Show #4068 - Wednesday, April 17, 2002

Contestants

[<< previous game]

Becky Powell, a graduate student from Knoxville, Tennessee

Rich Clarey, a film student originally from Petaluma, California

Ben Bass, an attorney from Chicago, Illinois (whose 2-day cash winnings total $35,200)

[next game >>]

Jeopardy! Round responses

NURSERY RHYME WOMEN
TV MOVIES
FOOD, GLORIOUS FOOD
VISIBLE BODY PARTS
"OO" 7-LETTER WORDS
BONDS, COMMON BONDS
    $200 26
Jill

Ben
    $200 10
an exorcism

Ben
    $200 8
(Becky: What are turnips?)
(Ben: What are radishes?)

beets

BenBecky
Triple Stumper
    $200 21
trunk

Becky
    $200 1
a rooster

Rich
    $200 6
Rudy

Ben
    $400 27
Little Bo-Peep

Rich
    $400 17
Neil Armstrong

Rich
    $400 9
(Becky: What's corn?)
(Rich: What are clams?)

oysters

RichBecky
Triple Stumper
    $400 22
the neck

Ben
    $400 2
a harpoon

Rich
    $400 7
things that leap

Becky
    $600 28
Polly

Becky
    $600 18
Ted Danson

Ben
    $600 14
shrimp diablo

Ben
    $800 23
your ears

Ben
    $600 3
Bigfoot

Triple Stumper
    $600 11
things that are split

Becky
    $800 29
(Mrs.) Sprat

Ben
    $800 19
the famous asterisk

Ben
    $800 15
scones

Becky
    $800 24
the big toe

Rich
    $800 4
bootleg

Triple Stumper
    $800 12
things that have columns

Triple Stumper
    $1000 30
(Ben: What is a pumpkin?)
(Alex: Mmmmm. [Looking toward judges] Be more specific.)
(Ben: What is a large pumpkin?)
...
(Alex: It had to rhyme with "and there he kept her very well".)

a pumpkin shell

BenRich
    $1000 20
Randy Weaver

Triple Stumper
    $1000 16
a melon

Rich
    $1000 25
(Alex: With a minute to go...)

the epidermis

Becky
    $1000 5
a monsoon

Becky
    $1000 13
things with clubs

Ben

Scores at the first commercial break (after clue 15):

Ben Rich Becky
$1,800 $200 $2,200

Scores at the end of the Jeopardy! Round:

Ben Rich Becky
$4,400 $3,800 $4,000

Double Jeopardy! Round responses

SPEAKERS BUREAU
DON'T JUDGE A BOOK BY ITS MOVIE
(Alex: You have to identify the movie based on the book.)
1930-SOMETHING
FRANKS & BEENS
-OLOGIES
(Alex: Get up...)
AGAINST THE "WALL"
    $400 16
Princess Fergie

Rich
    $400 1
Willy Wonka and the Chocolate Factory

Becky
    $400 26
la guillotine

Ben
    $400 21
(F.W.) Woolworth

Ben
    $400 2
seismology

Ben
    $400 11
the Berlin Wall

Ben
    $800 17
Gingrich

Ben
    $800 3
(Becky: What is Anne Frank?)

The Diary of Anne Frank

RichBecky
    $800 27
Mae West

Ben
    $800 22
Frank Chance of the Cubs

Ben
    $800 7
wine

Ben
    $800 12
a wallflower

Ben
    $1200 18
(Tim) Russert

Ben
    $1200 4
Dangerous Minds

Rich
    $1200 28
(Alex: There's no trial like a [*].)
[The end-of-round signal sounds.]

show trial

Triple Stumper
    $1,200 23
(Ben: Who is Francis Bacon?)
(Alex: No. Who is the author of Angela's Ashes, [*]? Less than a minute now, Ben.)
[Ben joins in on the author's name, once Alex gives the title.]

Frank McCourt

Ben
    $1200 8
fungi

Ben
    $1200 13
Raoul Wallenberg

Ben
    $1600 19
Ernesto Zedillo

Triple Stumper
    $1600 5
(Alex: It's by T.E. Lawrence, hence [*].)

Lawrence of Arabia

Triple Stumper
    $1600 24
Barney Frank

Triple Stumper
    $1600 9
herpetology

Triple Stumper
    $1600 14
Wall of Voodoo

Rich
    $2000 20
(Chris) Matthews

Ben
    $2000 6
The Killing Fields

Rich
    $2000 25
(Alex: That would be [*].)
[Alex demonstrates what long-distance running looks like.]

Frank Shorter

Triple Stumper
    $1,000 10
(Ben: [No response])

entomology & etymology

Ben
    $2000 15
(Fats) Waller

Ben

Scores at the end of the Double Jeopardy! Round:

Ben Rich Becky
$15,400 $9,800 $3,600

[wagering suggestions for these scores]

Final Jeopardy! Round responses

U.S. STATE CAPITALS
BeckyWhat is Honolulu?
$3,599
RichWhat is Honolulu
$9,000
BenWhat is Honolulu?
$4,201
Honolulu

Final scores:

Ben Rich Becky
$19,601 $18,800 $7,199
3-day champion: $54,801 2nd place: trip to Mazatlan, Mexico 3rd place: trip to Desert Springs Villas in Palm Desert, California

Game dynamics:

Coryat scores:

Ben Rich Becky
$17,400 $9,800 $3,600
24 R
(including 1 DD),
4 W
(including 2 DDs)
12 R,
1 W
8 R,
3 W

Combined Coryat: $30,800

[game clues] [game scores] [suggest correction]

Game tape date: 2002-01-14
The J! Archive is created by fans, for fans. Scraping, republication, monetization, and malicious use prohibited; this site may use cookies and collect identifying information. See terms. The Jeopardy! game show and all elements thereof, including but not limited to copyright and trademark thereto, are the property of Jeopardy Productions, Inc. and are protected under law. This website is not affiliated with, sponsored by, or operated by Jeopardy Productions, Inc. Join the discussion at JBoard.tv.